| 000 | 00637nam a2200205 a 4500 | ||
|---|---|---|---|
| 005 | 20210219160214.0 | ||
| 008 | 080925s1990 mx r 000 0 spa d | ||
| 035 | _aUPN01000160882 | ||
| 049 | _aUNE | ||
| 080 | _a37.014. 22 (100) =40 VAL. | ||
| 100 | 1 | _aValérien, Jean | |
| 245 | 1 | 0 |
_aAlphabétisation des migrants et de leurs familles et identité culturelle/ _cJeanValérien. |
| 260 |
_aGenéve : _bOIE, _c1990. |
||
| 300 | _a16 p. | ||
| 440 | 0 | _aAlphabétiser? parlons-en! | |
| 690 | _aAlfabetizacion- Migrantes | ||
| 690 | _aEducacion del migrante | ||
| 740 | 0 | _aAño Internacional de la Alfabetización | |
| 905 | _aUNESCO | ||
| 999 |
_c132995 _d132995 |
||